00958nam a22002415i 4500001000700000003000900007005001700016008004100033017001600074020001800090080001600108111008500124245015400209260004200363300004800405500001500453500007000468650002800538650005600566700003300622710003800655852002300693169100ES-MaACL20250819044028.0080811s2005 sp |||| | spa d aC-1411-2006 a84-95600-41-2 a001.92(063)2 aCongreso sobre Comunicación Social de la Ciencia (n3º. d2005.cLa Coruña)10aSin ciencia no hay cultura b: III Congreso sobre Comunicación Social de la Ciencia : libro de actas / c[Ramón Núñez Centella, coordinador]. aLa Coruña : bAyuntamiento, c2005. a477 p., [1] h. de lám. : bil. ; c27 cm. aÍndices. aPublicación realizada por los Museos Científicos Coruñeses.14aCiencia-xMetodología 4aDivulgación científica-vCongresos y asambleas.1 aNúñez Centella, Ramón.2 aMuseos Científicos Coruñeses.4 aES-MaACLjL-29605